El castillo de la pureza /

Cuarto largometraje dirigido por el cineasta mexicano Arturo Ripstein, quien junto con el escritor José Emilio Pacheco (1939-2014) retomó un hecho real ocurrido en la década de 1950: el de Rafael Pérez Hernández, quien había mantenido a su familia encerrada durante un largo tiempo. El protagonista d...

Olles dieđut

Furkejuvvon:
Bibliográfalaš dieđut
Váldodahkki: Ripstein, Arturo (realización)
Eará dahkkit: Pacheco, José Emilio (guión) (guión), Ripstein, Arturo (guión) (guión), Phillips, Alex (fotógrafo) (fotógrafo), Chávez, Carlos (vestuario) (vestuario), Pandora, Paola (vestuario) (vestuario), Castanedo, Rafael (montaje) (montaje), Gutiérrez Heras, Joaquín (música) (música), Brook, Claudio (actuación) (actuación), Macedo, Rita (actuación) (actuación), Beristáin, Arturo (actuación) (actuación)
Materiálatiipa: Dia
Giella:espánnjágiella
Almmustuhtton: México : Estudios Churubusco Azteca, 1972, c1972
Ráidu:(Ripstein x Ripstein ; 3)
Fáttát:
Fáddágilkorat: Lasit fáddágilkoriid
Eai fáddágilkorat, Lasit vuosttaš fáddágilkora!

MARC

LEADER 00000ngm^a2200000^a^4500
001 000128275
005 20260413145918.0
009 20260413192308.407
037 |a Acervo ITESO - Biblioteca 
041 |a ESP 
082 |a 860.  |b RIP 
100 |a Ripstein, Arturo  |e (realización) 
240 1 4 |a [El castillo de la pureza] 
245 1 3 |a El castillo de la pureza /  |c Realización de A. Ripstein. 
264 4 |a México :  |b Estudios Churubusco Azteca,  |c 1972, c1972 
264 2 |a México :  |b CONACULTA [distribución] :  |b Instituto Mexicano de Cinematografía [distribución],  |c fecha no identificada 
300 |a 1 videocasete VHS (117 min.) :  |b color 
336 |a imagen móvil bidimensional  |b tdi  |2 rdacontenido 
337 |a video  |b v  |2 rdamedio 
338 |a videocasete  |b vf  |2 rdasoporte 
440 1 |a (Ripstein x Ripstein ;  |v 3) 
520 |a Cuarto largometraje dirigido por el cineasta mexicano Arturo Ripstein, quien junto con el escritor José Emilio Pacheco (1939-2014) retomó un hecho real ocurrido en la década de 1950: el de Rafael Pérez Hernández, quien había mantenido a su familia encerrada durante un largo tiempo. El protagonista del caso es transformado en el personaje del ordenado, paranoico y maniático Gabriel Lima, quien somete a su esposa y sus tres hijos a una severa disciplina dentro de los confines de su desvencijada casa, bajo el argumento de preservar a la familia pura y a salvo de la corrupción del exterior. Sólo el autoritario patriarca tiene contacto con el mundo exterior, donde viola varias de las prohibiciones que ha impuesto en casa. El cineasta literalmente exhibe, a través de una muy sobria propuesta formal que evita toda obviedad, los absurdos del autoritarismo patriarcal. Con un título tomado de un ensayo de Octavio Paz sobre Marcel Duchamp, es uno de los títulos emblemáticos de la renovación del cine mexicano impulsada durante el sexenio echeverrista y supuso el punto culminante de la etapa inicial de la filmografía de Ripstein. Entre otros reconocimientos, es la primera producción mexicana que figuró en la lista de las diez mejores películas del año del prestigioso anuario International Film Guide. 
530 |a Existe una edición en formato audiovisual en DVD con el mismo título 
585 |a Festival Internacional de Cine de Karlovy Vary (43°: 2008): Participante mexicana, sección retrospectiva Tributo a Arturo Ripstein 
585 |a Festival Internacional de Cine de Tokio (37°: 2024): Participante mexicana, sección retrospectiva World Focus: Mexican Maestro Arturo Ripstein Retrospective 
586 |a Premio Ariel, de la Academia Mexicana de Cine (15°: 1973): Mejor Película (ganadora, ex aequo) 
586 |a Premio Ariel, de la Academia Mexicana de Cine (15°: 1973): Mejor Dirección (finalista: Arturo Ripstein) 
586 |a Premio Ariel, de la Academia Mexicana de Cine (15°: 1973): Película con más premios (5) 
586 |a Premio Ariel, de la Academia Mexicana de Cine (15°: 1973): Película con más candidaturas finalistas (10) 
586 |a Mejores Películas del Cine Mexicano: Encuesta del portal Sector Cine (2020): 24ª 
586 |a Premio Nacional de Ciencias y Artes, categoría Bellas Artes (48°: 1997) 
586 |a Premio Nacional de Ciencias y Artes, categoría Lingüística y Literatura (43°: 1992): Guiones cinematográficos 
586 |a Premio Reina Sofía de Poesía Iberoamericana 2009: Guiones cinematográficos 
586 |a Premio Miguel de Cervantes 2009: Guiones cinematográficos 
649 |a XX 
650 |a Patriarcado en el Cine 
650 |a Patriarcado -  |z México 
650 |a Patriarcado -  |x Tema Principal 
650 |a Familia en el Cine 
650 |a Familia -  |z México 
650 |a Dramas Cinematográficos 
650 |a Cine Mexicano -  |y 1970-1979 
650 |a Cine Mexicano -  |y Siglo XX 
650 |a Machismo -  |z México 
650 |a Incesto 
650 |a Sexualidad 
650 |a Relaciones Familiares 
650 |a Educación Familiar 
650 |a Aislamiento Social -  |x Tema Principal 
650 |a Fobias 
650 |a Trastornos de Conducta 
650 |a Obsesión 
650 |a Psicopatología 
650 |a Tolerancia e Intolerancia 
650 |a Disciplina 
650 |a Puritanismo 
650 |a Totalitarismo -  |x Tema Principal 
700 |a Pacheco, José Emilio  |e (guión) 
700 |a Ripstein, Arturo  |e (guión) 
700 |a Phillips, Alex  |e (fotógrafo) 
700 |a Chávez, Carlos  |e (vestuario) 
700 |a Pandora, Paola  |e (vestuario) 
700 |a Castanedo, Rafael  |e (montaje) 
700 |a Gutiérrez Heras, Joaquín  |e (música) 
700 |a Brook, Claudio  |e (actuación) 
700 |a Macedo, Rita  |e (actuación) 
700 |a Beristáin, Arturo  |e (actuación) 
910 |a Fondo General 
920 |a Audiovisuales - Videocasetes 
940 |a Películas 
905 |a 301 
901 |a 0500041266  |b IT2  |c VIS  |u 20250521 
902 |a https://opac.biblio.iteso.mx/vufind/Record/000128275